000 01122nam a22002777a 4500
005 20170124103000.0
010 _aA-244914
020 _c45.00
035 _aA-244914
037 _bCen Lib/Ret
040 _aDPL
_bHN
082 _a821.08
_bगुरच
100 _aगुरचरण सिंह
_954388
245 _aनई कविता से आज तक /
_cगुरचरण सिंह
246 _aNaee kavita se aaj tak
_bby Gurcharan Singh
260 _aदिल्ली
_bअन्यन प्रकाशन
_c1984
270 _a3380, हाकिम बका स्ट्रीट हौज़ काजी
_b दिल्ली
_e110006
300 _a108पृष्ठ.
_c21सेमी(सजिल्द)
500 _aअनुक्रमणिका शामिल
650 _aहिंदी साहित्य
_954389
650 _aनई कविता -युग बोध
_954390
650 _aHindi Literature
_954391
650 _aNew poetry -Age Perception
_954392
700 _953319
942 _2ddc
_cHN
_h821.08
_mगुरच
999 _c113910
_d113910